Statistiques concernant Culture Générale - Série 1560

Cliquez ici pour prendre le quiz!

Statistiques générales

  • Ce quiz a été pris 71 fois
  • Le résultat moyen est 3 sur 10

Statistiques - réponses

QuestionRéponse% Correct
À quel pays appartient l'île de Pâques ?Chili
82%
Dans quelle ville, chef-lieu de la Région Midi-Pyrénées, peut-on visiter la basilique Saint-Sernin ?Toulouse
78%
Après "L'Ours", à quelle espèce animale Jean-Jacques Annaud a-t-il consacré son film : "Deux frères" ?tigres
68%
Quelle est la capitale des Bahamas ?Nassau
58%
Dans quelle pièce de Molière, présentée en 1672, retrouve-t-on le personnage de Trissotin ?Les Femmes savantes
17%
Dans quel département Georges Marchais a-t-il été élu député, en 1973 ?Val-de-Marne
17%
Qui est le père du chanteur Mano Solo ?Cabu
12%
Quel chanteur interprète la chanson "Reality" dans la bande originale du film "La Boum" ?Richard Sanderson
6%
Quelle nymphe, poursuivie par Apollon, se métamorphosa en laurier ?Daphné
6%
Comment s'appellent les habitants de Bagneux, dans les Hauts-de-Seine ?Balnéolais
2%

Distribution des résultats

Percentile par nombre de réponses

% des personnes avec chaque résultat

Votre développement - résultats

Vous n’avez pas pris ce quiz